Stolice Świata - Wersja poprawiona - Statystyki

Ogólne statystyki
  • Ten quiz został rozwiązany 27 razy
    6 od ostatniego zresetowania
  • Średni wynik to 117 z 196
Statystyki odpowiedzi
Kraj Stolica % Poprawnych
Holandia Amsterdam
100%
Andora Andora
100%
Grecja Ateny
100%
Niemcy Berlin
100%
Słowacja Bratysława
100%
Węgry Budapeszt
100%
Argentyna Buenos Aires
100%
Ukraina Kijów
100%
Wielka Brytania Londyn
100%
Luksemburg Luksemburg
100%
Hiszpania Madryt
100%
Białoruś Mińsk
100%
Monako Monako
100%
Rosja Moskwa
100%
Norwegia Oslo
100%
Francja Paryż
100%
Czechy Praga
100%
Maroko Rabat
100%
Islandia Reykjavík
100%
Włochy Rzym
100%
San Marino San Marino
100%
Korea Poludniowa Seul
100%
Japonia Tokio
100%
Polska Warszawa
100%
Stany Zjednoczone Waszyngton, D.C.
100%
Watykan Watykan
100%
Litwa Wilno
100%
Chorwacja Zagrzeb
100%
Nigeria Abudża
67%
Zjednoczone Emiraty Arabskie Abu Zabi
67%
Etiopia Addis Abeba
67%
Ghana Akra
67%
Algieria Algier
67%
Jordania Amman
67%
Turcja Ankara
67%
Madagaskar Antananarywa
67%
Kazachstan Astana
67%
Paragwaj Asunción
67%
Turkmenistan Aszchabad
67%
Irak Bagdad
67%
Azerbejdżan Baku
67%
Tajlandia Bangkok
67%
Liban Bejrut
67%
Serbia Belgrad
67%
Szwajcaria Berno
67%
Gwinea Bissau Bissau
67%
Kirgistan Biszkek
67%
Kolumbia Bogota
67%
Brazylia Brasília
67%
Belgia Bruksela
67%
Rumunia Bukareszt
67%
Australia Canberra
67%
Wenezuela Caracas
67%
Sudan Chartum
67%
Senegal Dakar
67%
Syria Damaszek
67%
Bangladesz Dhaka
67%
Timor Wschodni Dili
67%
Katar Ad-Dauha / Doha
67%
Izrael Jerozolima / Tel Awiw-Jafa
67%
Irlandia Dublin
67%
Tadżykistan Duszanbe
67%
Indonezja Dżakarta
67%
Dżibuti Dżibuti
67%
Armenia Erywań
67%
Gwatemala Gwatemala
67%
Wietnam Hanoi
67%
Kuba Hawana
67%
Finlandia Helsinki
67%
Pakistan Islamabad
67%
Afganistan Kabul
67%
Egipt Kair
67%
Nepal Katmandu
67%
Rwanda Kigali
67%
Jamajka Kingston
67%
Saint Vincent i Grenadyny Kingstown
67%
Demokratyczna Republika Konga Kinszasa
67%
Mołdawia Kiszyniów
67%
Dania Kopenhaga
67%
Malezja Kuala Lumpur
67%
Kuwejt Kuwejt
67%
Boliwia La Paz / Sucre
67%
Peru Lima
67%
Portugalia Lizbona
67%
Angola Luanda
67%
Słowenia Lublana
67%
Filipiny Manila
67%
Meksyk Meksyk
67%
Somalia Mogadiszu
67%
Liberia Monrovia
67%
Urugwaj Montevideo
67%
Kenia Nairobi
67%
Cypr Nikozja
67%
Indie Nowe Delhi
67%
Kanada Ottawa
67%
Panama Panama
67%
Chiny Pekin
67%
Korea Północna Pjongjang
67%
Czarnogóra Podgorica
67%
Haiti Port-au-Prince
67%
Papua-Nowa Gwinea Port Moresby
67%
Trynidad i Tobago Port-of-Spain
67%
Republika Południowej Afryki Pretoria / Kapsztad / Bloemfontein
67%
Kosowo Prisztina
67%
Ekwador Quito
67%
Arabia Saudyjska Rijad
67%
Łotwa Ryga
67%
Jemen Sana
67%
Kostaryka San José
67%
Salwador San Salvador
67%
Chile Santiago
67%
Wyspy Świętego Tomasza i Książęca São Tomé
67%
Bośnia i Hercegowina Sarajewo
67%
Singapur Singapur
67%
Macedonia Północna Skopje
67%
Bułgaria Sofia
67%
Szwecja Sztokholm
67%
Tajwan Tajpej
67%
Estonia Tallinn
67%
Uzbekistan Taszkent
67%
Gruzja Tbilisi
67%
Iran Teheran
67%
Albania Tirana
67%
Libia Trypolis
67%
Tunezja Tunis
67%
Mongolia Ułan Bator
67%
Liechtenstein Vaduz
67%
Malta Valletta
67%
Nowa Zelandia Wellington
67%
Austria Wiedeń
67%
Laos Wientian
67%
Samoa Apia
33%
Erytrea Asmara
33%
Mali Bamako
33%
Brunei Bandar Seri Begawan
33%
Gambia Bandżul
33%
Republika Środkowoafrykańska Bangi
33%
Saint Kitts i Nevis Basseterre
33%
Belize Belmopan
33%
Kongo Brazzaville
33%
Barbados Bridgetown
33%
Saint Lucia Castries
33%
Gwinea Równikowa Ciudad de la Paz
33%
Tanzania Dodoma
33%
Sudan Południowy Dżuba
33%
Sierra Leone Freetown
33%
Botswana Gaborone
33%
Gujana Georgetown
33%
Burundi Gitega
33%
Zimbabwe Harare
33%
Wyspy Salomona Honiara
33%
Wybrzeże Kości Słoniowej Jamusukro
33%
Kamerun Jaunde
33%
Uganda Kampala
33%
Gwinea Konakry
33%
Gabon Libreville
33%
Malawi Lilongwe
33%
Togo Lomé
33%
Zambia Lusaka
33%
Wyspy Marshalla Majuro
33%
Malediwy Male
33%
Nikaragua Managua
33%
Bahrajn Manama
33%
Mozambik Maputo
33%
Lesotho Maseru
33%
Oman Maskat
33%
Eswatini Mbabane
33%
Komory Moroni
33%
Bahamy Nassau
33%
Mauretania Nawakszut
33%
Mjanma Naypyidaw
33%
Czad Ndżamena
33%
Niger Niamey
33%
Tonga Nuku'alofa
33%
Mikronezja Palikir
33%
Surinam Paramaribo
33%
Kambodża Phnom Penh
33%
Mauritius Port Louis
33%
Benin Porto-Novo
33%
Vanuatu Port Vila
33%
Republika Zielonego Przylądka Praia
33%
Grenada Saint George's
33%
Antigua i Barbuda Saint John’s
33%
Dominikana Santo Domingo
33%
Sri Lanka Sri Dźajawardanapura Kotte / Kolombo
33%
Fidżi Suva
33%
Honduras Tegucigalpa
33%
Bhutan Thimphu
33%
Seszele Victoria
33%
Burkina Faso Wagadugu
33%
Namibia Windhuk
33%
Nauru Yaren
33%
Kiribati Bairiki
0%
Palau Ngerulmud
0%
Dominika Roseau
0%
Tuvalu Vaiaku
0%
Nie znaleziono quizów pasujących do podanych kryteriów
Rozkład punktacji
Procent ludzi z każdym wynikiem
Percentyl według liczby udzielonych odpowiedzi
Twoja historia wyników
Nie rozwiązałeś tego quizu od ostatniego zresetowania